000
00206 a2200097 4500
001
6587
100
_a
Obert, E.F
245
_a
Concept of thermodynamics
260
_a
_b
McGraw-Hill
_c
090
_c
5441
_d
5441
942
_a
NUST-CAE
_c
M
_c
31869
999
_c
241660
_d
241660